A monograph on Bharata's Naatya saastra, Indian dramatology. (Record no. 88571)

MARC details
000 -LEADER
fixed length control field 01269cam a2200325 4500
001 - CONTROL NUMBER
control field sa 68018667
003 - CONTROL NUMBER IDENTIFIER
control field DLC
005 - DATE AND TIME OF LATEST TRANSACTION
control field 20260227112713.0
008 - FIXED-LENGTH DATA ELEMENTS--GENERAL INFORMATION
fixed length control field 711129s1967 ii a b 000 0 eng
010 ## - LIBRARY OF CONGRESS CONTROL NUMBER
LC control number sa 68018667
025 ## - OVERSEAS ACQUISITION NUMBER
Overseas acquisition number PL480:I-E-10031
040 ## - CATALOGING SOURCE
Original cataloging agency DLC
Transcribing agency DLC
Modifying agency DLC
041 0# - LANGUAGE CODE
Language code of text/sound track or separate title engtel
043 ## - GEOGRAPHIC AREA CODE
Geographic area code a-ii---
050 00 - LIBRARY OF CONGRESS CALL NUMBER
Classification number PK2931
Item number .A6
100 1# - MAIN ENTRY--PERSONAL NAME
Personal name Apparao, P. S. R.
Fuller form of name (Ponangi Sri Rama),
Dates associated with a name 1923-
240 10 - UNIFORM TITLE
Uniform title Nāṭya śāstramu
245 12 - TITLE STATEMENT
Title A monograph on Bharata's Naatya saastra, Indian dramatology.
Statement of responsibility, etc. Telugu original: P. S. R. Appa Rao. English Translation: P. S. R. Appa Rao [and] P. Sri Rama Sastry.
260 ## - PUBLICATION, DISTRIBUTION, ETC.
Place of publication, distribution, etc. [Hyderabad,
Name of publisher, distributor, etc. Naatya Maala Publishers; copies can be had of P. Sambasiva Rao, Hyderabad,
Date of publication, distribution, etc. 1967]
300 ## - PHYSICAL DESCRIPTION
Extent x, 184 p.
Other physical details illus.
Dimensions 25 cm.
350 ## - PRICE (NR) (BK AM CF MU VM SE) [OBSOLETE]
Price 15.00
-- ($2.00)
500 ## - GENERAL NOTE
General note "A Naatya Maala publication."
500 ## - GENERAL NOTE
General note Based on Bharata Muni's Bhāratīyanāṭyaśāstra, and Abhinavagupta's Abhinavabhārati.
504 ## - BIBLIOGRAPHY, ETC. NOTE
Bibliography, etc. note Includes bibliographical references.
650 #0 - SUBJECT ADDED ENTRY--TOPICAL TERM
Topical term or geographic name entry element Sanskrit drama
General subdivision History and criticism.
650 #0 - SUBJECT ADDED ENTRY--TOPICAL TERM
Topical term or geographic name entry element Theater
Geographic subdivision India.
700 0# - ADDED ENTRY--PERSONAL NAME
Personal name Bharata Muni.
Title of a work Nāṭyaśāstra.
700 0# - ADDED ENTRY--PERSONAL NAME
Personal name Abhinavagupta,
Titles and other words associated with a name Rājānaka.
Title of a work Abhinavabhārati.
700 1# - ADDED ENTRY--PERSONAL NAME
Personal name Sri Rama Sastry, P.
Fuller form of name (Paturi),
Dates associated with a name 1915-
Relator term tr.

No items available.

Powered by Koha